| 000 | 01328cam a2200385Ia 4500 | ||
|---|---|---|---|
| 001 | 73936 | ||
| 005 | 20230410120809.0 | ||
| 006 | m u | ||
| 007 | cr cn||||||||| | ||
| 008 | 040127s2003 nyu gsb 001 0 eng d | ||
| 035 | _a(OCoLC)ocm54092921 | ||
| 040 |
_aVVN _cVVN _dOCLCQ _dTEFOD _dDRFGD |
||
| 020 | _z0375508791 | ||
| 029 | 1 |
_aW4S _b0375508791 |
|
| 029 | 1 |
_aUKCCC _b0375508791 |
|
| 035 | _a(OCoLC)54092921 | ||
| 043 | _an-us--- | ||
| 050 | 1 | 4 |
_aHV6432.7 _b.P685 2003eb |
| 082 | 4 | _a973.931 | |
| 100 | 1 | _aPosner, Gerald L. | |
| 245 | 1 | 0 |
_aWhy America slept _h[electronic resource] : _bthe failure to prevent 9/11 / _cGerald Posner. |
| 250 | _a1st ed. | ||
| 260 |
_aNew York : _bRandom House, _cc2003. |
||
| 300 | _a241 p. | ||
| 504 | _aIncludes bibliographical references (p. [219]-226) and index. | ||
| 533 |
_aElectronic reproduction. _bPalo Alto, Calif. : _cebrary, _d2003. _nAvailable via World Wide Web. _nAccess may be limited to ebrary affiliated libraries. |
||
| 650 | 0 | _aSeptember 11 Terrorist Attacks, 2001. | |
| 650 | 0 |
_aTerrorism _zUnited States _xPrevention. |
|
| 650 | 0 |
_aIslamic fundamentalism _zUnited States. |
|
| 650 | 0 |
_aNational security _zUnited States. |
|
| 655 | 7 |
_aElectronic books. _2local |
|
| 856 | 4 | 0 | _uhttp://www.ebrary.com/ |
| 942 |
_2lcc _cbk |
||
| 994 |
_aC0 _bDRFGD |
||
| 999 |
_c52076 _d52076 |
||